[Event "Quebec-ch classe"]
[Site "Montreal CAN"]
[Date "2011.01.22"]
[Round "2"]
[White "Lalumiere, Claude"]
[Black "Chiku-Ratte, Olivier-Kenta"]
[Result "1/2-1/2"]
[WhiteElo "1989"]
[BlackElo "2060"]
[PlyCount "178"]
[EventDate "2011.01.21"]
[EventType "swiss"]
[EventRounds "5"]
[EventCountry "CAN"]

1. e4 c5 2. Nf3 d6 3. d4 cxd4 4. Nxd4 Nf6 5. Nc3 g6 6. Be3 Bg7 7. f3 Nc6 8. Qd2
O-O 9. Bc4 Bd7 10. O-O-O Rb8 11. g4 Na5 12. Be2 b5 13. Bh6 Bxh6 14. Qxh6 a6 15.
Rdg1 e6 16. h4 Kh8 17. Qd2 e5 18. Nb3 Nxb3+ 19. axb3 b4 20. Nd1 Be6 21. h5 a5
22. Nf2 Ra8 23. f4 exf4 24. Qxf4 Qe7 25. e5 dxe5 26. Qxe5 Rae8 27. hxg6 fxg6
28. Bd3 Qg7 29. Rh2 Bxb3 30. Qg5 Bf7 31. Nh3 Nd5 32. Qh4 Bg8 33. Rgh1 Re7 34.
Bc4 Nf6 35. Bxg8 Kxg8 36. Ng5 a4 37. Qh3 h5 38. gxh5 Nxh5 39. Ne6 Qh6+ 40. Kb1
Rf5 41. Nd4 Rf6 42. Qc8+ Kg7 43. Rxh5 gxh5 44. Rg1+ Rg6 45. Nf5+ Kh7 46. Nxh6
Rxg1+ 47. Ka2 Kxh6 48. Qh8+ Kg6 49. Qg8+ Rg7 50. Qe6+ Kh7 51. Qf5+ Kh6 52. Qf4+
R1g5 53. Qxb4 Rg4 54. Qd6+ R7g6 55. Qf8+ Kg5 56. Qe7+ Kf4 57. Qf7+ Kg3 58. Qc7+
Kh3 59. Qc3+ Rg3 60. Qc8+ R6g4 61. Qf5 h4 62. c4 Kh2 63. c5 h3 64. c6 Rc4 65.
Qd7 a3 66. Qd2+ Rg2 67. Qd6+ Kg1 68. Qd1+ Kf2 69. Qd2+ Kg1 70. Qe3+ Kh2 71.
Qe5+ Kh1 72. Qe1+ Rg1 73. Qe6 Rh4 74. c7 axb2 75. Kxb2 Rg2+ 76. Kc3 Rg3+ 77.
Kd2 Rhg4 78. c8=Q Rg2+ 79. Ke3 R2g3+ 80. Kf2 Rg2+ 81. Kf1 Rg1+ 82. Kf2 R1g2+
83. Ke3 R2g3+ 84. Kd2 Rg2+ 85. Kc3 R2g3+ 86. Kc2 Rg2+ 87. Kd1 Rg1+ 88. Kd2
R1g2+ 89. Kc1 Rg1+ 1/2-1/2

[Event "Quebec-ch classe"]
[Site "Montreal CAN"]
[Date "2011.01.22"]
[Round "3"]
[White "Chiku-Ratte, Olivier-Kenta"]
[Black "Roy, Myriam"]
[Result "0-1"]
[WhiteElo "2060"]
[BlackElo "2004"]
[PlyCount "98"]
[EventDate "2011.01.21"]
[EventType "swiss"]
[EventRounds "5"]
[EventCountry "CAN"]

1. d4 d5 2. c4 c6 3. Nf3 Nf6 4. Nc3 dxc4 5. a4 Bf5 6. Ne5 e6 7. f3 Bb4 8. e4
Nxe4 9. fxe4 Bxe4 10. Bd2 Qxd4 11. Nxe4 Qxe4+ 12. Qe2 Bxd2+ 13. Kxd2 Qd5+ 14.
Kc2 Na6 15. Nxc4 Rd8 16. Qe5 f6 17. Qxd5 cxd5 18. Na5 Rc8+ 19. Kd2 Nc5 20. Bb5+
Kf7 21. b4 Ne4+ 22. Ke3 Rc3+ 23. Ke2 b6 24. Nc6 a6 25. Rhc1 Rxc1 26. Rxc1 axb5
27. a5 bxa5 28. bxa5 Ra8 29. Ra1 Nc5 30. Rb1 Ra6 31. Nd4 Rxa5 32. Rxb5 Rxb5 33.
Nxb5 Ke7 34. Ke3 e5 35. Na3 Ke6 36. Nc2 d4+ 37. Kd2 f5 38. g3 g5 39. h3 Ne4+
40. Ke2 Nxg3+ 41. Kf3 Ne4 42. Ke2 Nc5 43. Kd2 h5 44. Nb4 g4 45. hxg4 hxg4 46.
Ke2 e4 47. Nc6 d3+ 48. Ke3 f4+ 49. Kd2 e3+ 0-1

[Event "Quebec-ch classe"]
[Site "Montreal CAN"]
[Date "2011.01.23"]
[Round "4"]
[White "Cote-Lalumiere, Tristan"]
[Black "Chiku-Ratte, Olivier-Kenta"]
[Result "1-0"]
[WhiteElo "1880"]
[BlackElo "2060"]
[PlyCount "45"]
[EventDate "2011.01.21"]
[EventType "swiss"]
[EventRounds "5"]
[EventCountry "CAN"]

1. e4 c5 2. Nf3 d6 3. d4 cxd4 4. Nxd4 Nf6 5. Nc3 g6 6. Be3 Bg7 7. f3 Nc6 8. Qd2
O-O 9. Bc4 Bd7 10. O-O-O Rb8 11. a4 Na5 12. Be2 b5 13. Bh6 Bxh6 14. Qxh6 Nc4
15. h4 Kh8 16. h5 Ng8 17. Qg5 Qe8 18. Nf5 Nf6 19. Nd5 Nxd5 20. hxg6 fxg6 21.
Rxh7+ Kg8 22. Rg7+ Kh8 23. Qh6# 1-0

[Event "Quebec-ch classe"]
[Site "Montreal CAN"]
[Date "2011.01.23"]
[Round "5"]
[White "Bouchard, Jean-Marc"]
[Black "Chiku-Ratte, Olivier-Kenta"]
[Result "0-1"]
[WhiteElo "1942"]
[BlackElo "2060"]
[PlyCount "70"]
[EventDate "2011.01.21"]
[EventType "swiss"]
[EventRounds "5"]
[EventCountry "CAN"]

1. e4 c5 2. Nf3 d6 3. d4 cxd4 4. Nxd4 Nf6 5. Nc3 g6 6. Be2 Bg7 7. Be3 Nc6 8.
Nxc6 bxc6 9. O-O O-O 10. f4 Rb8 11. Rb1 Qa5 12. Qd2 Re8 13. h3 Nd7 14. Nd1 Qc7
15. c4 Nb6 16. b3 Be6 17. Rc1 f5 18. c5 dxc5 19. exf5 Bxf5 20. Rxc5 Rbd8 21.
Qc1 Be4 22. Nc3 Nd5 23. Bc4 e6 24. Bxd5 exd5 25. Nxe4 Rxe4 26. Rxc6 Qe7 27. Rc7
Qe6 28. Bxa7 d4 29. Rc6 Qe8 30. Bb6 Rb8 31. f5 gxf5 32. Qc4+ Kh8 33. Rxf5 d3
34. Qd5 d2 35. Rf1 Re1 0-1

[Event "Mercredi 2011.01.12"]
[Site "Montreal CAN"]
[Date "2011.01.12"]
[Round "1"]
[White "Plante, Michel"]
[Black "Chiku-Ratte, Olivier-Kenta"]
[Result "0-1"]
[WhiteElo "2107"]
[BlackElo "2060"]
[PlyCount "144"]
[EventDate "2011.01.12"]
[EventType "tourn"]
[EventRounds "5"]
[EventCountry "CAN"]

1. d4 Nf6 2. Nf3 c5 3. e3 b6 4. Bd3 Bb7 5. Nbd2 g6 6. O-O Bg7 7. b3 O-O 8. Bb2
d6 9. c4 Nbd7 10. d5 e6 11. e4 exd5 12. exd5 Re8 13. Qc2 Qc7 14. Rfe1 b5 15. a4
b4 16. h3 a5 17. Nf1 Nh5 18. Bxg7 Kxg7 19. Qb2+ Kg8 20. N1h2 Nhf6 21. g4 h6 22.
h4 Qd8 23. g5 hxg5 24. hxg5 Nh5 25. Rxe8+ Qxe8 26. Re1 Qf8 27. Ng4 Re8 28. Qd2
Re7 29. Re3 Qe8 30. Qe1 Rxe3 31. Qxe3 Qxe3 32. fxe3 Kg7 33. Nf2 f5 34. e4 Ng3
35. Kg2 fxe4 36. Bxe4 Ne2 37. Nh3 Ne5 38. Nxe5 dxe5 39. Bc2 Nd4 40. Bd1 Bc8 41.
Nf2 Bf5 42. Kf1 e4 43. Nh1 e3 44. Ng3 Bd3+ 45. Ke1 Kf7 46. Be2 Bxe2 47. Nxe2
Nxb3 48. Nf4 Nd2 49. Nd3 Nxc4 50. Nxc5 Ke7 51. Ne4 b3 52. Ke2 b2 53. Nc3 Na3
54. Kxe3 b1=Q 55. Nxb1 Nxb1 56. Kd4 Kd6 57. Kc4 Na3+ 58. Kb3 Kxd5 59. Kxa3 Kc4
60. Kb2 Kb4 61. Kc2 Kxa4 62. Kc3 Kb5 63. Kb3 Kc5 64. Ka4 Kd5 65. Kxa5 Ke5 66.
Kb4 Kf5 67. Kc3 Kxg5 68. Kd3 Kh4 69. Ke2 Kh3 70. Kf2 g5 71. Kf3 g4+ 72. Kf2 Kh2
0-1

[Event "Mercredi 2011.01.12"]
[Site "Montreal CAN"]
[Date "2011.01.19"]
[Round "2"]
[White "Chiku-Ratte, Olivier-Kenta"]
[Black "Levkovsky, Alexandre"]
[Result "0-1"]
[WhiteElo "2060"]
[BlackElo "2262"]
[PlyCount "98"]
[EventDate "2011.01.12"]
[EventType "tourn"]
[EventRounds "5"]
[EventCountry "CAN"]

1. d4 Nf6 2. c4 e6 3. Nc3 Bb4 4. e3 O-O 5. Nge2 d5 6. a3 Be7 7. Nf4 c6 8. cxd5
cxd5 9. Be2 b6 10. O-O Ba6 11. Nd3 Qc8 12. Bd2 Qb7 13. Rc1 Nc6 14. b4 Bc4 15.
Nb2 b5 16. Nxc4 dxc4 17. Rb1 Rfd8 18. Bf3 Rac8 19. g3 Nd5 20. Nxd5 exd5 21. a4
a6 22. Bc3 f5 23. a5 Nb8 24. Bg2 g6 25. Qf3 Bf8 26. g4 fxg4 27. Qxg4 Bg7 28.
Kh1 Qf7 29. Qg3 Nc6 30. h4 Ne7 31. Rg1 Nf5 32. Qh3 Nd6 33. Rbf1 Qf5 34. Qxf5
Nxf5 35. Bh3 Rf8 36. h5 Rc6 37. hxg6 Rxg6 38. Bxf5 Rh6+ 39. Kg2 Rxf5 40. f3
Rg5+ 41. Kf2 Rh2+ 42. Ke1 Rxg1 43. Rxg1 Rc2 44. Bd2 c3 45. Rg5 Rxd2 46. Rxd5
Bf8 47. Rd8 Kf7 48. Rd7+ Ke8 49. Rc7 Bxb4 0-1

[Event "Mercredi 2011.01.12"]
[Site "Montreal CAN"]
[Date "2011.01.26"]
[Round "3"]
[White "Tremblay, Alain"]
[Black "Chiku-Ratte, Olivier-Kenta"]
[Result "1-0"]
[WhiteElo "2020"]
[BlackElo "2060"]
[PlyCount "91"]
[EventDate "2011.01.12"]
[EventType "tourn"]
[EventRounds "5"]
[EventCountry "CAN"]

1. d4 Nf6 2. Nf3 c5 3. c4 cxd4 4. Nxd4 g6 5. g3 Bg7 6. Bg2 Nc6 7. O-O O-O 8.
Nc3 Nxd4 9. Qxd4 d6 10. Qh4 Rb8 11. Bg5 Re8 12. Rac1 Be6 13. b3 a6 14. Rfd1 Qa5
15. Bd2 Qd8 16. c5 d5 17. Bf4 Rc8 18. Na4 Qa5 19. Bd2 Qb5 20. e3 Ng4 21. Bxd5
Bf6 22. Bxe6 Bxh4 23. Bxg4 f5 24. Bf3 Bf6 25. Rc4 a5 26. Rdc1 Red8 27. Be1 e6
28. R4c2 Be5 29. Nb6 Rc7 30. Be2 Qc6 31. Bxa5 Re7 32. b4 Bc7 33. b5 Qe4 34. Rc4
Qe5 35. Bc3 Qe4 36. Rxe4 fxe4 37. Nc4 Rd5 38. Bb4 Rf7 39. Bg4 Rf6 40. a4 h5 41.
Bh3 g5 42. a5 Kf7 43. b6 Bb8 44. a6 bxa6 45. c6 Rb5 46. c7 1-0

[Event "Mercredi 2011.01.12"]
[Site "Montreal CAN"]
[Date "2011.02.02"]
[Round "4"]
[White "Chiku-Ratte, Olivier-Kenta"]
[Black "Dumouchel, Alain"]
[Result "1-0"]
[WhiteElo "2060"]
[BlackElo "2010"]
[PlyCount "85"]
[EventDate "2011.01.12"]
[EventType "tourn"]
[EventRounds "5"]
[EventCountry "CAN"]

1. d4 d5 2. c4 c6 3. Nf3 Nf6 4. Nc3 Bf5 5. e3 e6 6. Be2 Bd6 7. O-O Nbd7 8. b3
O-O 9. Bb2 Re8 10. Rc1 Ne4 11. c5 Bc7 12. b4 g5 13. Nxe4 Bxe4 14. a4 Bxf3 15.
Bxf3 e5 16. g3 e4 17. Bg4 Rf8 18. Bf5 Nf6 19. f3 Qe7 20. f4 h6 21. Bc3 Ne8 22.
Bh3 f5 23. b5 g4 24. Bg2 h5 25. Kf2 h4 26. Rh1 Nf6 27. Qd2 Rab8 28. Rb1 h3 29.
Bf1 b6 30. Be2 bxc5 31. dxc5 d4 32. Bxd4 Rfd8 33. Bc4+ Kf8 34. Qc3 Ba5 35. Qxa5
Rxd4 36. Qc3 Rbd8 37. exd4 e3+ 38. Qxe3 Ne4+ 39. Ke2 cxb5 40. axb5 Re8 41. Kd1
Qb7 42. Re1 Rd8 43. Kc2 1-0

[Event "Mercredi 2011.01.12"]
[Site "Montreal CAN"]
[Date "2011.02.09"]
[Round "5"]
[White "Gauthier, Denis"]
[Black "Chiku-Ratte, Olivier-Kenta"]
[Result "1-0"]
[WhiteElo "2003"]
[BlackElo "2060"]
[PlyCount "115"]
[EventDate "2011.01.12"]
[EventType "tourn"]
[EventRounds "5"]
[EventCountry "CAN"]

1. d4 Nf6 2. c4 c5 3. d5 e6 4. Nf3 exd5 5. cxd5 d6 6. e4 g6 7. Nc3 Bg7 8. h3
Nbd7 9. Bg5 h6 10. Be3 O-O 11. Nd2 Re8 12. Be2 a6 13. a4 b6 14. O-O Rb8 15. Kh1
Qc7 16. Rc1 Bb7 17. b4 g5 18. Qb3 Rec8 19. f4 gxf4 20. Bxf4 Ne5 21. Nf3 c4 22.
Qd1 Nxf3 23. Rxf3 Qe7 24. Qf1 Nxe4 25. Nxe4 Qxe4 26. Bxd6 Ra8 27. Rxf7 Bxd5 28.
Bf3 Qe6 29. Bxd5 Qxd5 30. Rd7 Qe6 31. Re7 Qf6 32. Qd1 Rd8 33. Qd5+ Kh8 34. Re6
Qb2 35. Qxc4 b5 36. axb5 axb5 37. Qf4 Ra2 38. Rxh6+ Kg8 39. Qg5 Qxg2+ 40. Qxg2
Rxg2 41. Kxg2 Bxh6 42. Rc6 Bd2 43. Rb6 Be3 44. Bc5 Bxc5 45. bxc5 Rd2+ 46. Kf3
Rd3+ 47. Ke4 Rxh3 48. Rxb5 Rh6 49. Rb6 Rh5 50. Kd4 Kf7 51. Rd6 Rh1 52. Kd5 Ke7
53. Kc6 Rc1 54. Rd4 Rc2 55. Kb6 Rb2+ 56. Kc7 Rc2 57. Re4+ Kf7 58. c6 1-0

[Event "Pere Noel"]
[Site "Montreal CAN"]
[Date "2010.12.26"]
[Round "1"]
[White "Mathews, Theo"]
[Black "Chiku-Ratte, Olivier-Kenta"]
[Result "0-1"]
[WhiteElo "1681"]
[BlackElo "2086"]
[PlyCount "110"]
[EventDate "2010.12.26"]
[EventType "swiss"]
[EventRounds "5"]
[EventCountry "CAN"]

1. d4 Nf6 2. c4 c5 3. Nf3 cxd4 4. Nxd4 Nc6 5. Nc3 d6 6. e4 Nxd4 7. Qxd4 g6 8.
Be2 Bg7 9. O-O O-O 10. Qd1 Be6 11. Qb3 Rb8 12. f3 b5 13. Nd5 bxc4 14. Qxc4 Bxd5
15. exd5 Qb6+ 16. Kh1 Rfc8 17. Qd3 Qb7 18. Rd1 Rc5 19. Be3 Rxd5 20. Qa6 Rxd1+
21. Rxd1 Qxa6 22. Bxa6 Rxb2 23. Bc4 a5 24. Bb3 a4 25. Bd4 Re2 26. Bxa4 Rxa2 27.
Bb3 Ra3 28. Rb1 Nd7 29. Bf2 h5 30. Kg1 e6 31. Kf1 d5 32. Bd1 d4 33. Rb7 Nc5 34.
Rb8+ Kh7 35. Rb1 e5 36. Be1 Ra2 37. Bg3 f5 38. Bh4 e4 39. Be7 Nd3 40. Rb7 Kh6
41. h4 Ra6 42. Bg5+ Kh7 43. g4 Nc5 44. Rb5 Rc6 45. Be7 Nd3 46. Rb7 Nc5 47. Ra7
Ne6 48. Ra8 hxg4 49. fxg4 f4 50. Bb3 d3 51. Bd5 Rc1+ 52. Kf2 e3+ 53. Kf3 Rf1+
54. Ke4 e2 55. Bb4 Nc5+ 0-1

[Event "Pere Noel"]
[Site "Montreal CAN"]
[Date "2010.12.27"]
[Round "2"]
[White "Chiku-Ratte, Olivier-Kenta"]
[Black "Sambuev, Bator"]
[Result "0-1"]
[WhiteElo "2080"]
[BlackElo "2555"]
[PlyCount "92"]
[EventDate "2010.12.26"]
[EventType "swiss"]
[EventRounds "5"]
[EventCountry "CAN"]

1. d4 Nf6 2. c4 e6 3. Nc3 Bb4 4. e3 c5 5. Nge2 cxd4 6. exd4 O-O 7. a3 Be7 8. d5
exd5 9. cxd5 Bc5 10. b4 Bb6 11. Ng3 Re8+ 12. Be2 Ng4 13. Nge4 d6 14. Bxg4 f5
15. O-O fxe4 16. Bxc8 Qxc8 17. Nb5 Qd7 18. Nd4 Na6 19. Ne6 Nc7 20. Nxc7 Qxc7
21. Bb2 Qf7 22. Bd4 Rac8 23. Bxb6 axb6 24. Qd4 b5 25. Rac1 Qf5 26. h3 h6 27.
Rfe1 Rxc1 28. Rxc1 Qf7 29. Re1 Qg6 30. Re3 Re5 31. Qb6 Rg5 32. g3 Rxd5 33. Qxb7
Qf5 34. g4 Qe6 35. Qc6 Kh7 36. a4 bxa4 37. Qxa4 Rd4 38. Qa5 Rd1+ 39. Kg2 d5 40.
Qa2 Qc6 41. Qe2 Qc1 42. b5 Rg1+ 43. Kh2 Rh1+ 44. Kg3 Qc7+ 45. Kh4 g5+ 46. Kh5
Qf7# 0-1

[Event "Pere Noel"]
[Site "Montreal CAN"]
[Date "2010.12.28"]
[Round "3"]
[White "Brassard, Sylvain"]
[Black "Chiku-Ratte, Olivier-Kenta"]
[Result "0-1"]
[WhiteElo "1787"]
[BlackElo "2086"]
[PlyCount "70"]
[EventDate "2010.12.26"]
[EventType "swiss"]
[EventRounds "5"]
[EventCountry "CAN"]

1. b3 Nf6 2. Bb2 g6 3. Nf3 Bg7 4. c4 O-O 5. e3 d6 6. Be2 c5 7. d3 Nc6 8. O-O
Rb8 9. Nbd2 a6 10. Ng5 b5 11. Qc1 Qb6 12. Rb1 Bf5 13. e4 Bd7 14. Ngf3 Nd4 15.
Bxd4 cxd4 16. h3 Nh5 17. Re1 Nf4 18. Bf1 e5 19. Kh2 Rfc8 20. g3 Ne6 21. Qd1 Bh6
22. Qe2 Nc5 23. h4 Bg4 24. Bh3 Bxd2 25. Bxg4 Bxe1 26. Bxc8 Bxf2 27. Qxf2 Rxc8
28. Ng5 Rf8 29. Qf3 h6 30. Nh3 bxc4 31. dxc4 Qb7 32. Re1 f5 33. h5 g5 34. b4
Qxb4 35. Rf1 g4 0-1

[Event "Pere Noel"]
[Site "Montreal CAN"]
[Date "2010.12.29"]
[Round "4"]
[White "Chiku-Ratte, Olivier-Kenta"]
[Black "Gueorguiev, Valentin"]
[Result "0-1"]
[WhiteElo "2086"]
[BlackElo "1956"]
[PlyCount "68"]
[EventDate "2010.12.26"]
[EventType "swiss"]
[EventRounds "5"]
[EventCountry "CAN"]

1. d4 g6 2. c4 Bg7 3. e4 c5 4. d5 d6 5. f4 Qa5+ 6. Nd2 f5 7. Bd3 fxe4 8. Bxe4
Nf6 9. Bd3 O-O 10. Ngf3 e6 11. O-O exd5 12. cxd5 b5 13. Ne4 Qb6 14. Bc2 Nxe4
15. Bxe4 Nd7 16. Ng5 Nf6 17. Bf3 Bf5 18. Be3 Rae8 19. Qd2 h6 20. Ne6 Bxe6 21.
dxe6 Rxe6 22. Bd5 Nxd5 23. Qxd5 Rfe8 24. Bf2 Kh7 25. f5 gxf5 26. Qxf5+ Kh8 27.
Rab1 Qc6 28. Bh4 Re2 29. Qg6 R8e6 30. Qg3 Qe4 31. Rbd1 Rg6 32. Qf3 Rgxg2+ 33.
Kh1 Rxh2+ 34. Kg1 Reg2+ 0-1

[Event "Quebec-ch U12"]
[Site "Montreal CAN"]
[Date "2010.11.26"]
[Round "1"]
[White "Doru-Alexandru, Epure"]
[Black "Chiku-Ratte, Olivier-Kenta"]
[Result "0-1"]
[WhiteElo "1218"]
[BlackElo "2094"]
[PlyCount "96"]
[EventDate "2010.11.26"]
[EventType "swiss"]
[EventRounds "5"]
[EventCountry "CAN"]

1. e4 c5 2. Nf3 d6 3. d4 cxd4 4. Nxd4 Nf6 5. Nc3 g6 6. Be2 Bg7 7. O-O Nc6 8.
Nf3 O-O 9. Be3 Ng4 10. Qd2 Nxe3 11. Qxe3 Rb8 12. a3 a6 13. Rad1 b5 14. b4 Bg4
15. h3 Bxf3 16. Bxf3 Ne5 17. Be2 Rc8 18. f4 Nc4 19. Bxc4 Rxc4 20. Rd3 Qb8 21.
f5 Qb7 22. Re1 Rfc8 23. Nd5 Rxc2 24. f6 exf6 25. Qg3 Qa7+ 26. Kh2 Re8 27. Qxd6
Qf2 28. Qg3 f5 29. Qxf2 Rxf2 30. Rde3 Bd4 31. R3e2 Rxe2 32. Rxe2 fxe4 33. Nc7
Be5+ 34. Kg1 Bxc7 35. Kf2 e3+ 36. Kf3 Bb6 37. g4 Rd8 38. Rg2 Rd2 39. Rxd2 exd2
40. Ke2 Be3 41. Kd1 f5 42. Ke2 f4 43. Kd1 f3 44. Kc2 f2 45. Kd3 f1=Q+ 46. Kxe3
d1=Q 47. Ke4 Qff3+ 48. Ke5 Qdd5# 0-1

[Event "Quebec-ch U12"]
[Site "Montreal CAN"]
[Date "2010.11.27"]
[Round "3"]
[White "Chiku-Ratte, Olivier-Kenta"]
[Black "Zhu, Hong Rui"]
[Result "1/2-1/2"]
[WhiteElo "2094"]
[BlackElo "1911"]
[PlyCount "81"]
[EventDate "2010.11.26"]
[EventType "swiss"]
[EventRounds "5"]
[EventCountry "CAN"]

1. d4 d5 2. c4 e6 3. Nc3 Be7 4. cxd5 exd5 5. Bf4 Nf6 6. e3 c6 7. Bd3 O-O 8. Qc2
Nbd7 9. Nf3 Re8 10. O-O Nf8 11. h3 Ng6 12. Bh2 Bd6 13. Bxd6 Qxd6 14. Rab1 a5
15. a3 Qe7 16. Na4 Ne4 17. Nb6 Rb8 18. b4 axb4 19. axb4 Nh4 20. Bxe4 dxe4 21.
Nxh4 Qxh4 22. Nxc8 Rbxc8 23. Kh2 Qh5 24. Rfe1 Ra8 25. Qe2 Qd5 26. Rb2 g6 27.
Rc1 Rec8 28. Qc4 Qd8 29. Qb3 Qd6+ 30. g3 Kg7 31. Rbc2 h5 32. b5 Ra3 33. Qb2 h4
34. Rc3 hxg3+ 35. fxg3 Rca8 36. Rxa3 Qxa3 37. Qxa3 Rxa3 38. bxc6 bxc6 39. Re1
f5 40. Re2 c5 41. dxc5 1/2-1/2

[Event "Quebec-ch U12"]
[Site "Montreal CAN"]
[Date "2010.11.28"]
[Round "4"]
[White "Chang, Michael"]
[Black "Chiku-Ratte, Olivier-Kenta"]
[Result "0-1"]
[WhiteElo "1622"]
[BlackElo "2094"]
[PlyCount "122"]
[EventDate "2010.11.26"]
[EventType "swiss"]
[EventRounds "5"]
[EventCountry "CAN"]

1. c4 Nf6 2. Nc3 c5 3. Nf3 Nc6 4. e3 e5 5. d4 cxd4 6. exd4 e4 7. Ng5 Bb4 8. g3
h6 9. Nh3 Qa5 10. Qd2 O-O 11. Bg2 d5 12. O-O dxc4 13. Nf4 Rd8 14. Nfe2 Bf5 15.
Qd1 Rd7 16. Be3 Rad8 17. a3 Bxc3 18. bxc3 Nd5 19. Qc2 Re8 20. h3 Bh7 21. h4 Bf5
22. Kh2 Nf6 23. Bh3 Bxh3 24. Kxh3 Qf5+ 25. Kg2 Qf3+ 26. Kg1 Ng4 27. Qd2 Ne7 28.
Nf4 Nf5 29. Ng2 f6 30. Rae1 g5 31. h5 Ng7 32. Rb1 a6 33. Ne1 Qf5 34. Qe2 b5 35.
a4 Rb7 36. axb5 axb5 37. Rd1 Rd7 38. d5 Ne5 39. Nc2 Qh3 40. Ne1 Ng4 41. f3 exf3
42. Rxf3 Nxh5 43. Qg2 Qxg2+ 44. Nxg2 Ne5 45. Rf5 Kg7 46. Bf2 Kg6 47. g4 Nxg4
48. Rf3 Ne5 49. Re3 Ng7 50. Bg3 Nf5 51. Bxe5 Nxe3 52. Nxe3 Rxe5 53. Kf2 f5 54.
Rd4 f4 55. Ng4 Rf5 56. d6 h5 57. Nh2 g4 58. Nf1 Rf6 59. Rd5 Rdxd6 60. Rxb5 g3+
61. Kg2 Rd3 0-1

[Event "Quebec-ch U12"]
[Site "Montreal CAN"]
[Date "2010.11.28"]
[Round "5"]
[White "Chiku-Ratte, Olivier-Kenta"]
[Black "Gu, Sheng Ming"]
[Result "1-0"]
[WhiteElo "2094"]
[BlackElo "1480"]
[PlyCount "77"]
[EventDate "2010.11.26"]
[EventType "swiss"]
[EventRounds "5"]
[EventCountry "CAN"]

1. d4 d5 2. c4 e6 3. Nc3 Nf6 4. cxd5 Nxd5 5. e4 Nxc3 6. bxc3 Be7 7. Nf3 O-O 8.
Be2 b6 9. Be3 Bb7 10. Bd3 Nd7 11. O-O c5 12. Rc1 Rc8 13. Nd2 Nf6 14. Qe2 cxd4
15. cxd4 h6 16. f3 Ba3 17. Rxc8 Qxc8 18. Nc4 Be7 19. Rc1 Qd7 20. Ne5 Qd6 21.
Ba6 Bxa6 22. Qxa6 Qa3 23. Qxa3 Bxa3 24. Rc7 Ra8 25. Rxf7 Ne8 26. Rd7 Nd6 27.
Nc6 a5 28. Bf4 Nb5 29. Be5 Bf8 30. Rb7 Nc3 31. d5 Nxa2 32. d6 Nb4 33. Nb8 Nd3
34. d7 Be7 35. Bd6 Bd8 36. Rc7 Nc5 37. Rc8 Nb7 38. Nc6 Nxd6 39. Rxa8 1-0

[Event "Mercredi 2010.11.17 ABCD"]
[Site "Montreal CAN"]
[Date "2010.11.17"]
[Round "1"]
[White "Chiku-Ratte, Olivier-Kenta"]
[Black "Plante, Michel"]
[Result "0-1"]
[WhiteElo "2094"]
[BlackElo "2002"]
[PlyCount "94"]
[EventDate "2010.11.17"]
[EventType "swiss"]
[EventRounds "5"]
[EventCountry "CAN"]

1. d4 d6 2. c4 e5 3. Nf3 e4 4. Ng5 f5 5. Nc3 Be7 6. Nh3 Nf6 7. e3 O-O 8. Be2 c6
9. Nf4 Na6 10. a3 Nc7 11. b4 d5 12. c5 Kh8 13. O-O Qe8 14. h4 Ng4 15. Bxg4 fxg4
16. g3 Ne6 17. Nce2 g5 18. hxg5 Nxg5 19. Kg2 Qf7 20. Rb1 Bd7 21. a4 a6 22. Nc3
Nh3 23. b5 axb5 24. axb5 Bg5 25. bxc6 bxc6 26. Na4 Bxf4 27. exf4 e3 28. Bxe3
Bf5 29. Nc3 Bxb1 30. Qxb1 Rfb8 31. Qc2 Rb4 32. Rb1 Rxb1 33. Qxb1 h5 34. Nd1 Qh7
35. Qxh7+ Kxh7 36. Nc3 Kg6 37. Nb1 Kf5 38. Nd2 Ra3 39. Kh2 Rd3 40. Kg2 Ra3 41.
Kh2 Ra1 42. Nb3 Rb1 43. Na5 Ng1 44. f3 Nxf3+ 45. Kg2 Rb2+ 46. Kf1 Ke4 47. Bf2
Nxd4 0-1

[Event "Mercredi 2010.11.17 ABCD"]
[Site "Montreal CAN"]
[Date "2010.11.24"]
[Round "2"]
[White "Levkovsky, Alexandre"]
[Black "Chiku-Ratte, Olivier-Kenta"]
[Result "1-0"]
[WhiteElo "2238"]
[BlackElo "2094"]
[PlyCount "105"]
[EventDate "2010.11.17"]
[EventType "swiss"]
[EventRounds "5"]
[EventCountry "CAN"]

1. e4 c5 2. Nf3 d6 3. d4 cxd4 4. Nxd4 Nf6 5. f3 g6 6. c4 Nc6 7. Be3 Bg7 8. Qd2
O-O 9. Nc3 Bd7 10. Be2 Qa5 11. O-O Rfe8 12. Rfd1 Rac8 13. Rac1 Nxd4 14. Bxd4
Be6 15. b3 a6 16. Qe3 Nd7 17. Bxg7 Kxg7 18. f4 Qc5 19. Rd4 Nb8 20. Kf2 Nc6 21.
Rd2 Red8 22. Na4 Qxe3+ 23. Kxe3 Nb8 24. Rcd1 Nc6 25. Nb6 Rb8 26. a3 Kf8 27. b4
Ke8 28. g4 f6 29. h4 h6 30. Rg1 Bf7 31. g5 fxg5 32. hxg5 hxg5 33. Rxg5 e5 34.
fxe5 Nxe5 35. c5 Ke7 36. cxd6+ Kf6 37. Kf4 Nc6 38. e5+ Kg7 39. Bg4 Rf8 40. Nd7
Be6+ 41. Nxf8 Rxf8+ 42. Ke4 Kh6 43. Rxg6+ Kxg6 44. Bxe6 Rf1 45. Rg2+ Kh6 46.
Bc4 Rd1 47. Kf5 Rd4 48. Rg6+ Kh5 49. Be2+ Kh4 50. Rg4+ Rxg4 51. Bxg4 Nd4+ 52.
Kf4 b5 53. e6 1-0

[Event "Mercredi 2010.11.17 ABCD"]
[Site "Montreal CAN"]
[Date "2010.12.01"]
[Round "3"]
[White "Chiku-Ratte, Olivier-Kenta"]
[Black "Sasseville, Jean"]
[Result "1-0"]
[WhiteElo "2094"]
[BlackElo "1995"]
[PlyCount "111"]
[EventDate "2010.11.17"]
[EventType "swiss"]
[EventRounds "5"]
[EventCountry "CAN"]

1. d4 f5 2. Nc3 Nf6 3. Bg5 d5 4. Bxf6 exf6 5. e3 Be6 6. Bd3 Nc6 7. a3 Qd7 8.
Qf3 g6 9. Nge2 Ne7 10. Nf4 Bf7 11. O-O-O O-O-O 12. h3 h5 13. Rdg1 Kb8 14. Be2
h4 15. Nd3 Nc8 16. g3 hxg3 17. Qxg3 Nd6 18. h4 Ne4 19. Nxe4 fxe4 20. Nf4 Rg8
21. Qh3 Qd6 22. Rg2 Bh6 23. Qh2 Rg7 24. Rhg1 Rdg8 25. Bg4 a6 26. Ne2 Qxh2 27.
Rxh2 g5 28. h5 Rh7 29. Ng3 Bf8 30. Rgh1 Bd6 31. h6 c6 32. Rh3 Kc7 33. Bf5 Bg6
34. Kd2 Bxg3 35. Bxg6 Rxg6 36. fxg3 g4 37. Rh5 Kd6 38. Kc3 Ke6 39. Kb4 Rg8 40.
a4 b6 41. a5 c5+ 42. dxc5 bxc5+ 43. Kxc5 Rc8+ 44. Kb6 Rxc2 45. R1h2 Rcc7 46.
Kxa6 Ra7+ 47. Kb5 Rab7+ 48. Ka4 f5 49. b4 Ke5 50. Rf2 Rhf7 51. h7 Rxh7 52.
Rfxf5+ Ke6 53. Rxd5 Rhc7 54. Rhe5+ Kf6 55. Rxe4 Rc1 56. Rd3 1-0

[Event "Mercredi 2010.11.17 ABCD"]
[Site "Montreal CAN"]
[Date "2010.12.08"]
[Round "4"]
[White "Chiku-Ratte, Olivier-Kenta"]
[Black "Gagnon, Serge"]
[Result "1-0"]
[WhiteElo "2094"]
[BlackElo "2085"]
[PlyCount "123"]
[EventDate "2010.11.17"]
[EventType "swiss"]
[EventRounds "5"]
[EventCountry "CAN"]

1. d4 g6 2. c4 Bg7 3. e4 d6 4. Nc3 e5 5. d5 f5 6. Bd3 Nf6 7. f3 O-O 8. Be3 f4
9. Bf2 Nh5 10. Nge2 Bf6 11. h4 Na6 12. a3 c5 13. dxc6 bxc6 14. b4 Nc7 15. Bc2
a5 16. Bb3 Be6 17. b5 Rb8 18. a4 c5 19. Qd2 Ng7 20. O-O-O Nge8 21. Qa2 Qe7 22.
Kb1 Na8 23. Nd5 Bxd5 24. cxd5 Rf7 25. Be1 Qa7 26. Qd2 Bd8 27. Nc1 Nb6 28. Bf2
Nd7 29. Nd3 Kg7 30. Nb2 Ra8 31. Nc4 Nb6 32. Rc1 Nxc4 33. Rxc4 Nf6 34. Qb2 Nd7
35. h5 g5 36. h6+ Kf8 37. Rc2 Rf6 38. g3 fxg3 39. Bxg3 Nb6 40. Qc3 Qf7 41. Rf2
Nc8 42. Qe3 Rg6 43. Rh5 Ke8 44. Rh1 Qf8 45. Rfh2 Ra7 46. Qd3 Rf6 47. Bd1 Nb6
48. Rh5 Raf7 49. Be1 Nc8 50. Bd2 Rg6 51. R5h3 Rff6 52. Rh5 Rf7 53. R5h3 Rff6
54. f4 exf4 55. Bh5 g4 56. Bxg6+ Rxg6 57. Rh5 Kd7 58. Rf5 Rf6 59. Bxf4 Rxf5 60.
exf5 Bf6 61. b6 Bh8 62. Bg5 1-0